000 00299nam a2200133Ia 4500
008 191201s2002 xx 000 0 und d
100 _aARORA, SC
245 0 _aText book of Calculus
250 _arep
260 _aN. Delhi
_bPitambar Pub
_c2002
300 _a585
650 _aApplied
942 _2ddc
_cBK
999 _c74
_d74